000 00640nam a2200181Ia 4500
008 090123s9999 xx 000 0 und d
082 _b3587
_a891.463/कवठेकर
100 _aकवठेकर द.र.
245 _aमला सोबत हवी आहे फक्त सोबत
250 _a1
260 _bसुलभ मु.
300 _a168
600 _aकवठेकर द.र.
630 _aमला सोबत हवी आहे फक्त सोबत
700 _aकवठेकर द.र.
730 _aमला सोबत हवी आहे फक्त सोबत
942 _cBOOK
999 _c41667
_d41667